banner-ar

فارس من اسكتلندا / (Record no. 34990)

MARC details
000 -الفاتح
حقل البيانات ثابتة الطول 00678nam a2200205Ia 4500
008 - عناصر البيانات ثابتة الطول - معلومات عامة
حقل البيانات ثابتة الطول 140319s9999 xx 000 0 ara d
040 ## - مصدر الفهرسة
وكالة الفهرسة الأصلية GCL /
وكالة النسخ GCL
082 04 - رقم تصنيف ديوى العشرى
رقم التصنيف ط
رقم المادة 823.087
-- و ف
100 1# - المدخل الرئيسى - إسم شخصى
الإسم الشخصى مختار السويفى
245 10 - بيان العنوان
العنوان فارس من اسكتلندا /
بيان المسئوليه,etc مختار السويفى
700 1# - المدخل الاضافى - اسم شخصى
الإسم الشخصى والتزسكوت, التر
700 1# - المدخل الاضافى - اسم شخصى
الإسم الشخصى مى التلمسانى (مترجم)
260 ## - PUBLICATION, DISTRIBUTION, ETC. (IMPRINT)
تاريخ النشر أو التوزيع 1994
300 ## - الوصف المادى
التعداد 255
490 ## - بيان السلسلة
عنوان السلسلة روائع الادب العالمى للناشين
رقم المجلد/ التعيين التسلسلي 0
650 04 - المدخل الاضافى بالموضوع-مصطلح موضوعى
مصطلح موضوعي الاطفال
650 04 - المدخل الاضافى بالموضوع-مصطلح موضوعى
مصطلح موضوعي قصص الاطفال
942 ## - عناصر المدخل الإضافي( كوها)
مصدر التصنيف او مخطط الترفيف Dewey Decimal Classification
Koha [default] item type كتاب
260 ## - PUBLICATION, DISTRIBUTION, ETC. (IMPRINT)
-- [S.N] :
-- الهيئة المصرية العامة للكتاب ،
Holdings
حالة التراجع حالة الفقد حالة تلف ليس للاعارة المكان المؤقت الموقع الحالى تاريخ الاكتساب اجمالي اﻻعارات رقم الطلب الباركود تاريخ اخر مشاهدة تاريخ تفعيل السعر نوع وعاء كوها
        مكتبة القاهرة الكبرى مكتبة القاهرة الكبرى 03/26/2014   ط\823.087\و ف 84873 03/26/2014 03/26/2014 كتاب

Powered By

EGPV